Geography Multiple Choice #1 - Statistics

General Stats
  • This quiz has been taken 39 times
  • The average score is 11 of 15
Answer Stats
Question Answer % Correct
What is the name of the Earth's southernmost continent? Antartica
100%
In what country would you find the city of Lille ? France
100%
Which country is home to the Taj Mahal? India
100%
What is the name of the Earth's largest coral reef system ? The Great Barrier Reef
95%
What is the least populated country in the world ? Vatican City
95%
In what country would you find Lake Como ? Italy
91%
Which country is known as the "Land of the Rising Sun"? Japan
82%
In what country would you find Kilimanjaro, the world's second highest mountain ? Kenya
73%
What is the name of the Earth's largest freshwater lake? Lake Superior
73%
What is the longest mountain range in the world? The Andes Mountains
73%
In what country would you find the island of Honshu ? Japan
64%
What country has the world's smallest capital ? Seychelles
55%
Approximately how many people live in Africa ? 1.5 billion
50%
What is the name of the Earth's largest island? Greenland
50%
Which country is known as the "Pearl of Africa"? Uganda
32%
No matching quizzes found
Score Distribution
Percent of People with Each Score
Percentile by Number Answered
Your Score History
You have not taken this quiz